Movies Quiz

Random Movies or Clickable Quiz
Score 0/24 Timer 05:00
0 Plays Today
% Correct
A Bug's Life
95.8%
The Little Mermaid
95.4%
Madagascar
92.7%
Saving Private Ryan
91.6%
Face|Off
90.7%
The Hobbit: The Desolation of Smaug
90.5%
The Good, the Bad and the Ugly
90.3%
The Princess Bride
89%
Titanic
87.1%
Indiana Jones and the Temple of Doom
85.8%
Dumb and Dumber
85%
Superman
83.2%
% Correct
The Blair Witch Project
82%
Breakfast at Tiffany's
79.8%
The Birds
79.5%
Chicago
78.7%
Goldfinger
78.7%
TRON
77.8%
28 Days Later
77.4%
Mamma Mia!
76%
The Thing
75.7%
Doctor Strange
73.5%
Battle Royale
65.5%
Sherlock Holmes
55.8%
Remove Ads.
Support Sporcle.
Get the best of Sporcle when you Go Orange. This ad-free experience offers more features, more stats, and more fun while also helping to support Sporcle. Thank you for becoming a member.

You're not logged in!

Compare scores with friends on all Sporcle quizzes.
OR
Log In

Sporcle TV

Today on Sporcle TV


Watch our educational content, quiz creation guides, and fun videos on Sporcle TV.

Show Comments

Extras

Top Quizzes Today


Score Distribution

Paid Content

Your Account Isn't Verified!

In order to create a playlist on Sporcle, you need to verify the email address you used during registration. Go to your Sporcle Settings to finish the process.

Report this User

Report this user for behavior that violates our Community Guidelines.

Details: